Statistics for Capitals in the Wrong Time Zone

Click here to take the quiz!

General Stats

  • This quiz has been taken 47 times
  • The average score is 23 of 60

Answer Stats

Should beActually isCapital% Correct
-10Lisbon
79%
01Madrid
79%
01Paris
79%
55:30New Delhi
76%
01Brussels
66%
01Amsterdam
61%
-5-3Santiago
61%
89Seoul
61%
-4-3Buenos Aires
55%
65:45Kathmandu
55%
-7-6Mexico City
55%
01Luxembourg
53%
01Algiers
50%
-4-4:30Caracas
50%
89Pyongyang
50%
33:30Tehran
50%
-11+13Apia
47%
01Andorra la Vella
45%
78Singapore
45%
01Bern
42%
54:30Kabul
42%
78Kuala Lumpur
42%
01Monaco
42%
-10Reykjavik
42%
78Ulaanbaatar
42%
-10Dakar
39%
-2-1Praia
39%
56Astana
37%
89Dili
37%
-5-4La Paz
37%
34Tbilisi
37%
34Baku
34%
-4-3Montevideo
34%
-10Nouakchott
34%
-12+13Nuku'alofa
34%
34Yerevan
34%
01Abuja
32%
-10Banjul
32%
-10Bissau
32%
-10Freetown
32%
-10Monrovia
32%
66:30Naypyidaw
32%
-10Bamako
29%
-10Conakry
29%
23Kampala
26%
01Niamey
26%
45Ashgabat
24%
56Bishkek
24%
23Khartoum
24%
1112Yaren
24%
1112Majuro
21%
23Minsk
21%
23Nairobi
21%
-4-3Paramaribo
21%
23Juba
18%
01Porto-Novo
18%
55:30Sri Jayawardenapura Kotte
16%
23Dodoma
11%
01Cotonou
5%
-5-4Santo Domingo
5%

Score Distribution

Percentile by Number Answered

Percent of People with Each Score

Your Score History

You have not taken this quiz